Polscy Youtuberzy z milionem subskrybcji +opisy dla Ignacego - Statystyki

Ogólne statystyki
  • Ten quiz został rozwiązany 3 496 razy
  • Średni wynik to 31 z 81
Statystyki odpowiedzi
Nr Podpowiedzi Youtuberzy % Poprawnych
1 Najpopularniejszy youtuber Blowek
95%
13 Ma ekipę i skacze do basenu pełnego kulek Friz
92%
2 Pochodzi z angli Stuu
91%
4 Ma farmę mrówek Rezigiusz
88%
11 Ciumkaj loczki Naruciak
84%
10 Sam prestiż Lord kruszwil
82%
18 Raper z dredami MULTI
75%
77 Słynie z „nieustawianych” pranków Marcin Dubiel
73%
46 Włodarz Fame mma Boxdel
71%
29 Jajko Tomasz 'Gimper' Działowy
67%
21 Rapujący worek Kamerzysta
65%
24 Kanał 2 dziewczyn należący do grupy abstra Beksy
64%
33 Przemyślenia pewnego krytyka Niekryty Krytyk
63%
76 Czy to 2 kanał naruciaka? Boruciak
62%
5 Największa spółka youtubowa , tworzy krótkie skecze AbstrachujeTV
61%
3 Popularny dzięki pranką Sa wardega
59%
17 Streamer , komentator Izak live
58%
45 Z dupy odcinki Z Dvpy
56%
35 Otwiera paczki i znęca się nad kotem THEUNBOXALL
54%
42 Jasiu Jdabrowsky
53%
12 10 rzeczy... które Planeta Faktów
53%
31 Wystąpił na fame mma popularny z 6:30 DeeJayPallaside
52%
32 Kiedyś minecrafter , teraz 1 na rok wrzuca film sponsorowany Mandzio
52%
34 Stacja telewizyjna Tvnpl
51%
27 Wystąpili w Ameryka Express FIT LOVERS
50%
15 Fame mma 3 IsAmU
49%
39 Gta i król Julian Kaluch
49%
23 Obecny minecrafter robiący to vs to Vito minecraft
49%
25 Typowy dres Marcin Malczyński
48%
74 Najmłodszy posiadacz miliona Dominik Łupicki
44%
60 Tworzy filmy z boiska piłkarskiego Trenuj z Krzychem
44%
79 Drugi kanał A. Grzelak Agnieszka Grzelak Beauty
43%
55 Vlogerka Agnieszka Grzelak Vlog
43%
73 Tworzy muzykę , kiedyś masterczulek Dezy
43%
64 Ma drugi kanał „a co my tu mamy” Poszukiwacz
42%
9 Najpopularniejszy kanał muzyczny w pl Step records
42%
19 Robiący ciągle spróbuj się nie zaśmiać Karolek
39%
50 Szwagry SmiechawaTv
39%
14 DIY 5 sposobów na
35%
57 Należy do grupy abstra , teraz przechodzi nowe pokolenie Nieprzygotowani: nowe pokolenie
35%
28 Wytwórnia muzyczna QueQuality
35%
6 Filmiki dla dzieci Bazylland
33%
37 Kolejna muzyka SBM Label
33%
41 Zasłynął obrażając innych Remigiusz Maciaszek
32%
36 Teraz głównie streamuje TheNitroZyniak
31%
40 Nagrywa gry i inne takie , obecnie nieaktywny Skkf
30%
53 Kanał istniejący w każdym kraju pokazujący te same sztuczki 5-minutowe sztuczki
29%
52 Beauty Red lipstick monster
29%
54 Testuje rzeczy z reklam AdBuster
28%
61 Nagrywa różne eksperymenty Dawid Frank
27%
51 Stary minecrafter nagrywający ciekawostki i różne mapy RoxMb
27%
26 Blok ekipa Spinkafilmstudio
27%
70 Top 10 Topowa Dycha
27%
78 Szkoła Waksy
26%
75 Zielone warzywa xddd Szparagi
23%
80 Suchary , scenki , teledyski Cyber Marian
21%
59 Minecrafter wypromowany przez vito Gplay: Minecraft jest Nasz!
21%
43 Tworzą scenki Ponki
21%
30 Tworzy wszystko i nic w sumie to nagrywa gry ROJSON
21%
49 Rak kontent Wojan
21%
67 Nagrywa gry i ma 2 kanał poświęcony tylko minecraftowi Vertez
20%
68 Nagrywa challenge ma zawalczyć na fame mma 4 Medusa Official
18%
22 Muzyka ProstoTV
17%
66 Prezentuje gry mobilne ostatnio otworzył kanał gamingowy Sitr0x
16%
47 Nagrywa gry obecnie grany Disowskyy
15%
81 Gamerka MagdalenaMariaMonika
15%
72 Minecrafter od początku dealereq
12%
56 Kolejny kanał muzyczny Borcrew Official
11%
58 Stara się być śmiesznym Martin Stankiewicz
11%
38 Raper muzyk KaliGanjaMafia
9%
48 Fnaf Zajcu37
9%
71 Vlogerka Zuzanna Borucka
9%
16 Muzyka samochodowa Car music
8%
63 Muzyka NewBadLabel
7%
8 Domino Hello domino
5%
44 W opisie kanału ma napisane „najlepsza muzyka pod słońcem” UrbanRecTv
5%
62 Muzyka , na kanale mają kaczuszki i gumi misia MagicRecordsPoland
4%
82 Pokazuje sceny z piłki nożnej MNXHD
4%
20 Dzieci Baby's adventure
3%
65 Motywator MateuszM
3%
69 Kolejne dzieci na yt Awesome Kids Club
1%
Nie znaleziono quizów pasujących do podanych kryteriów
Rozkład punktacji
Procent ludzi z każdym wynikiem
Percentyl według liczby udzielonych odpowiedzi
Twoja historia wyników
Nie rozwiązałeś tego quizu